People Mentioned In Beatles Songs - Statistics

General Stats
  • This quiz has been taken 25 times
    7 since last reset
  • The average score is 9 of 29
Answer Stats
Album Answer % Correct
Let It Be Mary, mother of Jesus
71%
Let It Be B.B. King
43%
Magical Mystery Tour Edgar Allan Poe
43%
Beatles For Sale George Harrison
43%
Revolver Harold Wilson
43%
Let It Be John Lennon
43%
The White Album Paul McCartney
43%
Single Ringo Starr
43%
Single Yoko Ono
43%
The White Album Chairman Mao
29%
Let It Be Charles Hawtrey
29%
Single Denis O'Dell
29%
Let It Be Doris Day
29%
Revolver Edward Heath
29%
The White Album Julia Lennon
29%
With The Beatles Ludwig van Beethoven
29%
Let It Be Matt Busby
29%
Single Peter Brown
29%
The White Album Prudence Farrow
29%
Abbey Road / Let It Be Queen Elizabeth II
29%
The White Album Walter Raleigh
29%
Sgt. Pepper's William Kite
29%
The White Album Bob Dylan
14%
Let It Be Elmore James
14%
Sgt. Pepper's John Henderson
14%
Let It Be Maureen Starkey
14%
With The Beatles Pyotr Ilyich Tchaikovsky
14%
The White Album Gideon
0%
Sgt. Pepper's Pablo Fanque
0%
No matching quizzes found
Score Distribution
Percent of People with Each Score
Percentile by Number Answered
Your Score History
You have not taken this quiz since the last reset